000 00737cam a2200241 4500500
005 20260405003642.0
041 _afre
042 _adc
100 1 0 _aLegros, Martin
_eauthor
245 0 0 _aÉlie Tenenbaum : “Vladimir Poutine n’a jamais choisi l’option de l’escalade vis-à-vis des Occidentaux”
260 _c2023.
500 _a22
690 _aArmée
690 _aEurope
690 _aGuerre
690 _aInvasion
690 _aMilitaire
690 _aRussie
690 _astratégie
690 _aUkraine
786 0 _nPhilosophie magazine | 167 | 2 | 2023-03-01 | p. 14-14 | 1951-1787
856 4 1 _uhttps://shs.cairn.info/magazine-philosophie-magazine-2023-2-page-14?lang=fr&redirect-ssocas=7080
999 _c2069627
_d2069627